02450agaaa2200349 45000010005000000030009000050050017000140070009000310080040000400400023000800410013001031000054001161300032001702400033002022450183002352460026004182500022004442600095004663000034005615080116005955110089007115200735008005380016015355460013015516500067015647000066016317000068016977000063017659420012018289990019018409520241018598782IT-RoPAU20220918181242.0d cvaizq50131s9999||||xx ||| | || ||und|| aIT-RoPAUcIT-RoPAU aITALIANO aBergman IngmargCodice regista SPICS: 9304934076 aSETTIMO SIGILLO (IL)945910 aSJUNDE INSEGLET (DET)gT1261 aSETTIMO SIGILLO (IL)cProdotto da: Svensk Filmindustri -- Sceneggiatura: Ingmar Bergman -- Diretto da: Bergman IngmarpSETTIMO SIGILLO (IL) (Rif. Codice opera principale : G8782) aSJUNDE INSEGLET (DET) aEdizione Standard aMILANO (SVEZIA)bAUDIOVISIVI SAN PAOLO / g"2000 (1° ed.: 2000 ; Ed. Lingua Orig.: 1956)" aDVDbsonoro, col.c101 minuti a"Fotografia: Gunnar Fischer; Montaggio: Lennart Wallen; Musica: Nordgren Erik; Sceneggiatura: Ingmar Bergman; " a"Bertil; Anderberg; Bibi; Andersson; Gunnar; Bjornstrand; Bengt; Ekerot; Inga; Gill" a"ANTONIUS BLOCK, NOBILE SVEDESE, CROCIATO IN TERRA SANTA, RITORNA ORA NEL SUO PAESE. SBARCATO SULLA SPIAGGIA SVEDESE, TROVA AD ATTENDERLO LA MORTE, CHE HA SCELTO QUESTO MOMENTO PER PORTARSELO VIA. EGLI PROPONE ALLA MORTE DI GIOCARE CON LUI UNA PARTITA A SCACCHI: SARA' PRONTO A SEGUIRLA NEL MOMENTO IN CUI DOVRA' DICHIARARSI VINTO... MENU INTERATTIVO CON SOTTOTITOLI PER NON UDENTI; CAPITOLI DI SCENA: INIZIO FILM, CONFESSIONE DEL CAVALIERE, FLAGELLANTI, LOCANDA, FRAGOLE E LATTE, ULTIMA INTERPRETAZIONE DI SKAT, SUPPLIZIO DELLA STREGA, SCACCO MATTO. CONTENUTI EXTRA: SCHEDE CRITICHE DI FERNALDO DI GIAMMATTEO; NOTA TEOLOGICA DI D. BRUNO FORTE; FILMOGRAFIE ESSENZIALI DEL REGISTA E DEGLI ATTORI PRINCIPALI. FILM IN BIANCO E NERO." aPAL, STEREO aITALIANO aDRAMMATICOeFILMS [DVD PAL]xCodice MATERIA SPICS: 9960934083 aBergman Ingmar e(regista)gCodice regista SPICS: 9304934076 aBergman Ingmar e(soggetto)gCodice Soggetto SPICS: 9304945911 aNordgren Erike(musica)gCodice Musica SPICS: 25396945912 cDV2ddc c106251d106251 0010406G_8782_00000000000000071aSPICSbSPICSd2015-01-31l0oG8782r2015-01-31 00:00:00w2015-01-31yDVzProgr. Ins.: 3056 / N.Vol.:1 / Copie: 1 / Pag.:0 / Copia rara: n.d. / date import: 1.2.2015 / By Epidotti, Trombetti, Vaglietti